ბათუმის შოთა რუსთაველის სახელმწიფო უნივერსიტეტის ბიბლიოთეკა

Intelligence collection / (ბიბ.ჩანაწერი № 61311)

000 -LEADER
fixed length control field 01325cam a22003254i 4500
001 - CONTROL NUMBER
control field 17679052
005 - DATE AND TIME OF LATEST TRANSACTION
control field 20240202122318.0
008 - FIXED-LENGTH DATA ELEMENTS--GENERAL INFORMATION
fixed length control field 130329s2014 dcua b 001 0 eng
010 ## - LIBRARY OF CONGRESS CONTROL NUMBER
LC control number 2013006588
020 ## - INTERNATIONAL STANDARD BOOK NUMBER
International Standard Book Number 9781452271859 (alk. paper)
040 ## - CATALOGING SOURCE
Original cataloging agency DLC
Language of cataloging eng
Transcribing agency DLC
Description conventions rda
Modifying agency DLC
042 ## - AUTHENTICATION CODE
Authentication code pcc
050 00 - LIBRARY OF CONGRESS CALL NUMBER
Classification number JF1525.I6
Item number C57 2014
080 ## - UNIVERSAL DECIMAL CLASSIFICATION NUMBER
Universal Decimal Classification number 355.40+327 C-59
100 1# - MAIN ENTRY--PERSONAL NAME
Personal name Clark, Robert M.
9 (RLIN) 21169
245 10 - TITLE STATEMENT
Title Intelligence collection /
Statement of responsibility, etc. Robert M. Clark.
264 #1 - PRODUCTION, PUBLICATION, DISTRIBUTION, MANUFACTURE, AND COPYRIGHT NOTICE
Place of production, publication, distribution, manufacture Washinton, DC :
Name of producer, publisher, distributor, manufacturer Sage/CQ Press,
Date of production, publication, distribution, manufacture, or copyright notice [2014]
300 ## - PHYSICAL DESCRIPTION
Extent xxiv, 522 pages :
Other physical details colored illustrations ;
Dimensions 24 cm.
336 ## - CONTENT TYPE
Content type term text
Source rdacontent
337 ## - MEDIA TYPE
Media type term unmediated
Source rdamedia
338 ## - CARRIER TYPE
Carrier type term volume
Source rdacarrier
504 ## - BIBLIOGRAPHY, ETC. NOTE
Bibliography, etc. note Includes bibliographical references and index.
650 #0 - SUBJECT ADDED ENTRY--TOPICAL TERM
Topical term or geographic name entry element Intelligence service
General subdivision Methodology.
9 (RLIN) 21167
653 ## - INDEX TERM--UNCONTROLLED
keyword დაზვერვის კოლექცია
653 ## - INDEX TERM--UNCONTROLLED
keyword სამხედრო საქმე
653 ## - INDEX TERM--UNCONTROLLED
keyword პოლიტიკა
906 ## - LOCAL DATA ELEMENT F, LDF (RLIN)
a 7
b cbc
c orignew
d 1
e ecip
f 20
g y-gencatlg
942 ## - ADDED ENTRY ELEMENTS (KOHA)
Source of classification or shelving scheme
Koha item type წიგნი
ეგზემპლარები
Withdrawn status Lost status Source of classification or shelving scheme Damaged status Not for loan Permanent Location Current Location Shelving location Date acquired Cost, normal purchase price Full call number Barcode Date last seen Copy number Price effective from Koha item type Public note
          ბათუმის შოთა რუსთაველის სახელმწიფო უნივერსიტეტის მთავარი ბიბლიოთეკა ბათუმის შოთა რუსთაველის სახელმწიფო უნივერსიტეტის მთავარი ბიბლიოთეკა წიგნსაცავი 2024-02-02 333.00 355.40+327 C-59 67229 2024-02-02 67229 2024-02-02 წიგნი 333.00